000 01035cam a2200433ua 4500
020 _cRs.8.00
041 _aeng
_h
082 _a632
_bRAM/VI
100 _aRamachandra, Pillai G.
245 _aVilaparipalanam /
_cG.Ramachandra Pillai.
_hTextual Documents
260 _aThiruvananthapuram :
_bState Instititute of Languages ,
_c1979.
300 _a253 ; .
365 _aRs.8.00
504 _a
942 _cBK
999 _c548
_d548